Danh lục các loài thực vật Việt Nam; T1

Guardado en:
Detalles Bibliográficos
Autor principal: ĐHQG Hà Nội
Formato: Libro
Lenguaje:Undetermined
Publicado: H. Nông nghiệp 2003
Materias:
Etiquetas: Agregar Etiqueta
Sin Etiquetas, Sea el primero en etiquetar este registro!
Thư viện lưu trữ: Trung tâm Học liệu Trường Đại học Cần Thơ
LEADER 00573nam a2200217Ia 4500
001 CTU_58583
008 210402s9999 xx 000 0 und d
020 |b 236000 
082 |a 580.216 
082 |b Đ103/T1 
100 |a ĐHQG Hà Nội 
245 0 |a Danh lục các loài thực vật Việt Nam; T1 
245 0 |c ĐHQG Hà Nội 
260 |a H. 
260 |b Nông nghiệp 
260 |c 2003 
650 |a botany 
650 |x classification 
650 |z vietnam 
904 |i Minh 
980 |a Trung tâm Học liệu Trường Đại học Cần Thơ